000
00317nam a2200133Ia 4500
005
20260328104323.0
008
260328s9999||||xx |||||||||||||| ||und||
100
_a
Brace Taylor, Brian
245
0
_a
Raj Rewal /
_c
Brian Brace Taylor
260
_b
Mimar Books
300
_a
160 p.
650
_a
OFICINAS
942
_c
BK
999
_c
11415
_d
11415